| 000 | 00575nam a2200241 a 4500 | ||
|---|---|---|---|
| 001 | nice12345678 | ||
| 003 | IN_TiNIC | ||
| 005 | 20260116011606.0 | ||
| 008 | 050524s1964 lona grp 000 0 eng | ||
| 020 |
_a _c0 |
||
| 082 | 0 | 0 |
_a181.4 _bHEI |
| 100 | _aHeimann, Betty | ||
| 245 | _aFacets of Indian Thought | ||
| 260 |
_aLondon _bGeorge Allen and Unwin Ltd _c1964 |
||
| 300 | _a177p | ||
| 500 | _aincludes index and biblioraphy | ||
| 505 | 2 | _aIndex | |
| 650 | _aPhilosophy-Hindu | ||
| 700 | 1 | _aHeimann, Betty | |
| 902 | _bSRS | ||
| 942 | _cBK | ||
| 999 |
_c2793 _d2793 |
||